Global warming and its implications for California : hearing before the Committee on Energy and Natural Resources, United States Senate, One Hundred First Congress, first session ... Santa Monica, CA, May 20, 1989.

Bibliographic Details
Corporate Authors: United States. Congress. Senate. Committee on Energy and Natural Resources, ProQuest (Firm)
Format: Government Document eBook
Language:English
Published: Washington : U.S. G.P.O., 1989.
Series:U.S. Congressional Hearings.
Subjects:
Online Access:Connect to the full text of this electronic book

MARC

Tag First Indicator Second Indicator Subfields
LEADER 00000cam a22000001a 4500
001 in00003289421
005 20190404184826.0
006 m d f
007 cr bn mmmapmmp
008 091021s1989 dcua ob f000 0 eng d
035 |a cis2007456004 
040 |a UMI  |c UMI  |d UtOrBLW 
043 |a n-us--- 
074 |a 1040-A, 1040-B (microfiche) 
086 0 |a Y 4.En 2:S.hrg.101-65 
099 |a HRG-1989-NAR-0009 
110 1 |a United States.  |b Congress.  |b Senate.  |b Committee on Energy and Natural Resources. 
245 1 0 |a Global warming and its implications for California :  |b hearing before the Committee on Energy and Natural Resources, United States Senate, One Hundred First Congress, first session ... Santa Monica, CA, May 20, 1989. 
264 1 |a Washington :  |b U.S. G.P.O.,  |c 1989. 
300 |a 1 online resource. 
336 |a text  |b txt  |2 rdacontent 
337 |a computer  |b c  |2 rdamedia 
338 |a online resource  |b cr  |2 rdacarrier 
490 1 |a S. hrg. ;  |v 101-65 
500 |a Record is based on bibliographic data in ProQuest Congressional Hearings Digital Collection. Reuse except for individual research requires license from ProQuest, LLC. 
504 |a Includes bibliographical references. 
538 |a System requirements: PDF reader software. 
500 |a Electronic resource. 
650 0 |a Global warming. 
650 0 |a Greenhouse effect, Atmospheric. 
650 0 |a Climatic changes  |z California. 
655 7 |a Electronic books.  |2 local 
710 2 |a ProQuest (Firm) 
776 0 8 |i Print version:  |a United States. Congress. Senate. Committee on Energy and Natural Resources  |t Global warming and its implications for California  |w (OCoLC)20122541  |w gp 89018497 
776 0 8 |i Microfiche version:  |a United States. Congress. Senate. Committee on Energy and Natural Resources  |t Global warming and its implications for California.  |d [Bethesda, Md.] : ProQuest,[2004]  |o CIS 89 S311-44  |w (ProQuest)cis08902319 
810 1 |a United States.  |b Congress.  |b Senate.  |t S. hrg. ;  |v 101-65. 
830 0 |a U.S. Congressional Hearings. 
856 4 0 |u http://proxy.library.tamu.edu/login?url=http://congressional.proquest.com/congcomp/getdoc?HEARING-ID=HRG-1989-NAR-0009  |z Connect to the full text of this electronic book  |t 0 
998 |a cis08902319 
999 |a MARS 
999 f f |s c747a173-64ff-3b2d-bc08-372c8822f529  |i ee8a0460-44ee-3b50-a2eb-204ab1de4ae6  |t 0 
952 f f |a Texas A&M University  |b College Station  |c Electronic Resources  |d Available Online  |t 0  |e HRG-1989-NAR-0009  |h Other scheme 
998 f f |a HRG-1989-NAR-0009  |t 0  |l Available Online